|
|
|
|
| LEADER |
00000nas a2200000 a 4500 |
| 001 |
ssj0000070424 |
| 003 |
WaSeSS |
| 005 |
20200512172242.0 |
| 006 |
m d |
| 007 |
cr n |
| 008 |
090508c20089999nz uu p s 0 0eng c |
| 010 |
|
|
|a 2010256088
|
| 016 |
7 |
|
|a 99422074X
|2 DE-101
|
| 016 |
7 |
|
|a 2494878-0
|2 DE-600
|
| 016 |
7 |
|
|a 101512684
|2 DNLM
|
| 022 |
|
|
|a 1178-7031
|l 1178-7031
|
| 035 |
|
|
|a (WaSeSS)ssj0000070424
|
| 040 |
|
|
|a NZ1
|b eng
|c NZ1
|d OCLCQ
|d RBN
|d DEBBG
|d GWDNB
|d NLM
|d CUS
|d OCLCQ
|d OCLCF
|d EUW
|d OCLCQ
|d CASUM
|d OCLCQ
|d OCLCO
|d OCLCA
|d OCLCQ
|d OCLCA
|d WaSeSS
|
| 042 |
|
|
|a pcc
|
| 050 |
1 |
4 |
|a RB131
|
| 060 |
1 |
0 |
|a W1
|
| 082 |
0 |
4 |
|a 616.047305
|2 22
|
| 210 |
1 |
0 |
|a J Inflamm Res
|2 dnlm
|
| 210 |
1 |
|
|a J. inflamm. res.
|
| 222 |
|
0 |
|a Journal of inflammation research
|
| 245 |
0 |
0 |
|a Journal of inflammation research
|h [electronic resource].
|
| 260 |
|
|
|a [Auckland, N.Z.] :
|b Dove Medical Press
|
| 362 |
1 |
|
|a Began with v. 1 (2008).
|
| 506 |
|
|
|a License restrictions may limit access.
|
| 515 |
|
|
|a Articles added irregularly during the year and collected into annual issues.
|
| 588 |
|
|
|a Description based on: Vol. 1 (2008); title from journal home page (viewed May 12, 2009).
|
| 588 |
|
|
|a Latest issue consulted: Vol. 4 (2011) (viewed June 28, 2011).
|
| 650 |
|
0 |
|a Inflammation
|v Periodicals.
|
| 650 |
|
7 |
|a Inflammation.
|2 fast
|0 (OCoLC)fst00972432
|
| 650 |
1 |
2 |
|a Inflammation.
|
| 655 |
|
0 |
|a Electronic journals.
|
| 856 |
4 |
0 |
|z Full text available from Research Library: 01/01/2008 to present
|u https://search.proquest.com/publication/3933408
|